| 000 | 00908nmm a2200289 a 4500 | ||
|---|---|---|---|
| 001 | ocm0001083860 | ||
| 003 | TR-IsHL | ||
| 005 | 20201028155549.0 | ||
| 008 | 150709s2007 tu tur | ||
| 007 | cr cn | ||
| 020 | _a9789758514946 | ||
| 035 |
_a1083860 _b(N$T) |
||
| 050 | 0 | 4 |
_aPL248.A364 _bD8 2007 |
| 090 | 0 | 4 |
_aPL248.A364 _bD8 2007 |
| 100 | 1 | _aAhmet Mithat Efendi | |
| 245 | 1 | 0 |
_aDürdane Hanım _h[electronic resource] / _cAhmet Mithat Efendi ; tashih Abdullah Er |
| 250 | _a2. bs. | ||
| 260 |
_aİstanbul : _bBedir Yayınları, _c2007 |
||
| 300 | _a184 p. | ||
| 650 | 4 | _aDil ve Edebiyat | |
| 650 | 4 | _aLanguage and Literature | |
| 650 | 0 | _aTürk romanı | |
| 650 | 0 | _aTurkish fiction | |
| 650 | 7 |
_aLITERARY COLLECTIONS / Middle Eastern _2bisacsh |
|
| 700 | 1 | _aEr, Abdullah | |
| 856 | 4 | 0 | _uhttp://search.ebscohost.com/login.aspx?direct=true&scope=site&db=e011xww&AN=1083860 |
| 999 |
_c13148 _d13148 |
||